Los derechos humanos. Documentos básicos.
I tiakina i:
| Kaituhi matua: | |
|---|---|
| Hōputu: | Pukapuka |
| Reo: | Pāniora |
| I whakaputaina: |
Santiago, Chile:
Jurídica,
1987.
|
| Ngā marau: | |
| Ngā Tūtohu: |
Tāpirihia he Tūtohu
Kāore He Tūtohu, Me noho koe te mea tuatahi ki te tūtohu i tēnei pūkete!
|
MARC
| LEADER | 00000nam a2200000 a 4500 | ||
|---|---|---|---|
| 001 | UCR8085 | ||
| 003 | CL-VaPUC | ||
| 005 | 20250319142635.0 | ||
| 008 | 980519e19870000CL |||||||||||||||||spa|d | ||
| 999 | |c 269650 |d 269648 | ||
| 040 | |c Pontificia Universidad Católica de Valparaíso | ||
| 082 | 0 | 4 | |a 323.4 PAC 1987 |2 21 |
| 100 | 1 | |a Pacheco Gómez, Máximo |e autor |9 493315 | |
| 245 | 1 | 4 | |a Los derechos humanos. |b Documentos básicos. |
| 260 | |a Santiago, Chile: |b Jurídica, |c 1987. | ||
| 300 | |a 672 páginas. | ||
| 500 | |a c.2 Donación Familia Prof. Alejandro Guzmán Brito. | ||
| 583 | |a last modification |c 19980519 00:00:00 |k Rodrigo Vera | ||
| 650 | 0 | |a Derechos humanos |9 223025 | |
| 650 | 0 | |a Derechos fundamentales |9 254841 | |
| 650 | 0 | |a Libre determinación |x Derecho |9 897153 | |
| 650 | 0 | |a Discriminación |x Aspectos legales |9 897168 | |
| 650 | 0 | |a Discriminación racial |9 897193 | |
| 650 | 0 | |a Esclavitud |x Servidumbre |x Aspectos legales |9 897155 | |
| 650 | 0 | |a Administración de justicia |9 382749 | |
| 650 | 0 | |a Crímenes de guerra |9 344323 | |
| 650 | 0 | |a Derecho laboral |9 15 | |
| 650 | 0 | |a Libertad de información |9 257205 | |
| 650 | 0 | |a Libertad de asociación |9 256580 | |
| 650 | 0 | |a Derechos de la mujer |9 257074 | |
| 650 | 0 | |a Derecho de familia |9 255603 | |
| 650 | 0 | |a Desarrollo social |9 264534 | |
| 650 | 0 | |a Derecho internacional |9 255637 | |
| 942 | |c BK |2 ddc |n 0 | ||
| 945 | |d 19980519 00:00:00 |a lriquelm | ||
| 952 | |0 0 |1 0 |4 0 |6 323_400000000000000_PAC_1987 |7 0 |8 A |9 303467 |a BIBENE |b BIBENE |d 2019-11-20 |i 1984764 |o 323.4 PAC 1987 |p 1984764 |r 2025-01-15 |w 2019-11-20 |y BK |k ICO | ||